| 000 | 00514nam a22001817a 4500 | ||
|---|---|---|---|
| 005 | 20251108172232.0 | ||
| 008 | 250721s1993 xx 000 0 ara d | ||
| 082 | 1 | 4 | _a792.22/عيس |
| 100 | 1 | _aالعيسى، سليمان | |
| 245 | 1 | 0 | _aأحكي لكم طفولتي يا صغار / |
| 264 | 1 |
_aعمان : _bدار الحكمة، _c1993. |
|
| 300 | _a103ص | ||
| 650 | 1 | 7 | _aالمسرحية العربية |
| 650 | 1 | 7 | _aسوريا |
| 650 | 1 | 7 | _aمسرح الأطفال |
| 942 |
_2ddc _cBK |
||
| 999 |
_c73856 _d73856 |
||